Ekologická výstavba (Record no. 22771)
[ view plain ]
| 000 -LEADER | |
|---|---|
| fixed length control field | 01241nam a2200361 a 4500 |
| 001 - CONTROL NUMBER | |
| control field | 22771 |
| 003 - CONTROL NUMBER IDENTIFIER | |
| control field | SK-KTurca |
| 005 - DATE AND TIME OF LATEST TRANSACTION | |
| control field | 20260423125734.0 |
| 008 - FIXED-LENGTH DATA ELEMENTS--GENERAL INFORMATION | |
| fixed length control field | 240314s2000 xo ap r y slo |
| 015 ## - NATIONAL BIBLIOGRAPHY NUMBER | |
| National bibliography number | SNBA2001/05-01856 |
| 020 ## - INTERNATIONAL STANDARD BOOK NUMBER | |
| International Standard Book Number | 8071188204 |
| 035 ## - SYSTEM CONTROL NUMBER | |
| System control number | SNK000363351 |
| 035 ## - SYSTEM CONTROL NUMBER | |
| System control number | urn:nbn:sk:snk-amltwa |
| 035 ## - SYSTEM CONTROL NUMBER | |
| System control number | urn:nbn:sk:snk-am00cb71 |
| 035 ## - SYSTEM CONTROL NUMBER | |
| System control number | 0E491393-CA0E-4663-ACF1-181C7DBD6732 |
| 040 ## - CATALOGING SOURCE | |
| Original cataloging agency | SNK |
| Language of cataloging | slo |
| Transcribing agency | SNK |
| Description conventions | AACR2 |
| Modifying agency | BJKDG |
| 041 0# - LANGUAGE CODE | |
| Language code of text/sound track or separate title | slo |
| 044 ## - COUNTRY OF PUBLISHING/PRODUCING ENTITY CODE | |
| MARC country code | xo |
| ISO country code | SK |
| 080 ## - UNIVERSAL DECIMAL CLASSIFICATION NUMBER | |
| Universal Decimal Classification number | 72:504(035) |
| Edition identifier | 1981 |
| 080 ## - UNIVERSAL DECIMAL CLASSIFICATION NUMBER | |
| Universal Decimal Classification number | 504:72(035) |
| Edition identifier | 1981 |
| 100 1# - MAIN ENTRY--PERSONAL NAME | |
| Personal name | Bauer-Böckler, Hans-Peter |
| Relationship | aut |
| 240 10 - UNIFORM TITLE | |
| Uniform title | Häuser ökologisch geplant preiswert gebaut |
| Language of a work | Slovensky |
| 245 10 - TITLE STATEMENT | |
| Title | Ekologická výstavba |
| Remainder of title | tipy a nápady, materiály a príklady |
| Statement of responsibility, etc. | H.-P. Bauer-Böckler ; [z nemeckého originálu preložili Květoslav Spiller a Magda Spillerová] |
| 260 ## - PUBLICATION, DISTRIBUTION, ETC. | |
| Place of publication, distribution, etc. | Bratislava |
| Name of publisher, distributor, etc. | Ikar |
| Date of publication, distribution, etc. | 2000 |
| 300 ## - PHYSICAL DESCRIPTION | |
| Extent | 125 s. |
| Other physical details | fareb. fotogr., sch., tab. |
| Dimensions | 30 cm |
| 500 ## - GENERAL NOTE | |
| General note | Údaj o prekl. prevzatý z tiráže |
| 650 07 - SUBJECT ADDED ENTRY--TOPICAL TERM | |
| Topical term or geographic name entry element | ekologické stavby |
| Source of heading or term | SNKPH |
| 655 #7 - INDEX TERM--GENRE/FORM | |
| Genre/form data or focus term | príručky |
| Source of term | SNK |
| 700 1# - ADDED ENTRY--PERSONAL NAME | |
| Personal name | Spiller, Květoslav |
| Relationship | trl |
| 700 1# - ADDED ENTRY--PERSONAL NAME | |
| Personal name | Spillerová, Magda |
| Relationship | trl |
| 942 ## - ADDED ENTRY ELEMENTS (KOHA) | |
| Source of classification or shelving scheme | Dewey Decimal Classification |
| Koha item type | Odborná literatúra pre dospelých |
| Suppress in OPAC | No |
| Stav vyradenia | Strata | Poškodenie | Spôsob nadobudnutia | Domovská knižnica | Aktuálna knižnica | Dátum nadobudnutia | Total checkouts | Čiarový kód exemplára | Date last seen | Typ exemplára |
|---|---|---|---|---|---|---|---|---|---|---|
| Dar | Obecná knižnica Belá-Dulice | Obecná knižnica Belá-Dulice | 23.04.2026 | 4735903404 | 23.04.2026 | Odborná literatúra pre dospelých |
